| 000 | 00361 a2200109 4500 | ||
|---|---|---|---|
| 001 | ART_11019 | ||
| 005 | 20260410161849.0 | ||
| 008 | 260409a | ||
| 245 | 1 | 0 | _aAcerca del problema de la multicolinealidad en la estimación del modelo lineal |
| 100 | 1 | _aBrufman, Juana Z. | |
| 773 | 0 |
_tEconómica _g- Año XXXIV,Nº 1 (ene./jun.1988) _wREV7541 |
|
| 999 |
_c24862 _d24862 |
||